How business is done in Japan : A personal view

Sparad:
Bibliografiska uppgifter
Huvudupphovsman: Mente, Boye de
Materialtyp: Bok
Språk:Undetermined
Publicerad: Japan Simpson-Doyle 1963
Ämnen:
Taggar: Lägg till en tagg
Inga taggar, Lägg till första taggen!
Thư viện lưu trữ: Trung tâm Học liệu Trường Đại học Cần Thơ
LEADER 00488nam a2200193Ia 4500
001 CTU_78972
008 210402s9999 xx 000 0 und d
082 |a 330.9 
082 |b M549 
100 |a Mente, Boye de 
245 0 |a How business is done in Japan : 
245 2 |b A personal view 
245 0 |c Boye de Mente 
260 |a Japan 
260 |b Simpson-Doyle 
260 |c 1963 
650 |a Commerce 
650 |z Japan 
980 |a Trung tâm Học liệu Trường Đại học Cần Thơ